Agricultural Chemistry (Record no. 5063)

MARC details
000 -LEADER
fixed length control field 00388nam a22001697a 4500
005 - DATE AND TIME OF LATEST TRANSACTION
control field 20210908131643.0
008 - FIXED-LENGTH DATA ELEMENTS--GENERAL INFORMATION
fixed length control field 160701b xxu||||| |||| 00| 0 eng d
020 ## - INTERNATIONAL STANDARD BOOK NUMBER
ISBN 978-81-904548-9-1
041 ## - LANGUAGE CODE
Language code of text/sound track or separate title eng
082 ## - DEWEY DECIMAL CLASSIFICATION NUMBER
Item number 20358
100 ## - MAIN ENTRY--AUTHOR NAME
Personal name Pradhan DR AK
245 ## - TITLE STATEMENT
Title Agricultural Chemistry
260 ## - PUBLICATION, DISTRIBUTION, ETC. (IMPRINT)
Name of publisher Mangan
Year of publication 2007
300 ## - PHYSICAL DESCRIPTION
Number of Pages 292
650 ## - SUBJECT ADDED ENTRY--TOPICAL TERM
Topical Term Agriculture
942 ## - ADDED ENTRY ELEMENTS (KOHA)
Koha item type Books
Holdings
Lost status Damaged status Collection code Home library Current library Shelving location Date acquired Source of acquisition Cost, normal purchase price Full call number Accession Number Koha item type
    Reference JRU Library JRU Library SHELF-2-C 01/07/2016 PURCHASE 775.00 631.4 20358 Books
    AGRICULTURE JRU Library JRU Library SHELF-45-E 01/07/2016   775.00 20358 20359 Books
    AGRICULTURE JRU Library JRU Library SHELF-45-E 01/07/2016   775.00 20358 20360 Books
    AGRICULTURE JRU Library JRU Library SHELF-45-E 01/07/2016   775.00 20358 20361 Books
    AGRICULTURE JRU Library JRU Library SHELF-45-E 01/07/2016   775.00 20358 20362 Books